Concepción y diseño de una planta de almacenamiento de granos para el Consejo Nacional de Producción (CNP) en Barranca.
Uloženo v:
| Hlavní autor: | |
|---|---|
| Médium: | Kniha |
| Vydáno: |
[San José , Costa Rica]
1985
|
| Témata: | |
| Tagy: |
Přidat tag
Žádné tagy, Buďte první, kdo vytvoří štítek k tomuto záznamu!
|
MARC
| LEADER | 00000nam a2200000Ia 4500 | ||
|---|---|---|---|
| 003 | 005267 | ||
| 005 | 20221231144354.0 | ||
| 008 | 140114s1985 cr a m 000 ||s d | ||
| 040 | |c cru CEDI | ||
| 090 | |a TFG 1868 | ||
| 100 | |a Arias Vargas, Marvin |9 14133 | ||
| 245 | |a Concepción y diseño de una planta de almacenamiento de granos para el Consejo Nacional de Producción (CNP) en Barranca. | ||
| 260 | |c 1985 |a [San José , Costa Rica] | ||
| 300 | |a 2 volúmenes : ilustraciones (algunas plegables) ; 28 cm | ||
| 500 | |a Proyecto de graduación (licenciatura en ingeniería mecánica)--Universidad de Costa Rica. Facultad de Ingeniería. Escuela de Ingeniería Mecánica | ||
| 650 | |x GRANOS |9 14134 | ||
| 942 | |c TFG |2 ddc | ||
| 999 | |c 20897 |d 20897 | ||
